Giocatori più preziosi di ogni squadra di Serie A - Statistics

Statistiche generali
  • Questo quiz è stato fatto 680 volte
  • Il punteggio medio è 11 su 20
Statistiche sulle risposte
Squadra Calciatore Valore Nazionalità % Corretto
Juventus Paulo Dybala 80M Argentina
93%
Atalanta Duvan Zapata 40M Colombia
92%
Inter Romelu Lukaku 85M Belgio
91%
Lazio Sergej Milinkovic-Savic 65M Serbia
87%
Napoli Kalidou Koulibaly 65M Senegal
85%
Milan Gianluigi Donnarumma 60M Italia
75%
Torino Andrea Belotti 35M Italia
68%
Bologna Riccardo Orsolini 22M Italia
64%
Cagliari Nahitan Nandez 23M Uruguay
61%
Udinese Rodrigo De Paul 30M Argentina
59%
Roma Niccolò Zaniolo 45M Italia
55%
Genoa Eldor Shomurodov 6,5M Uzbekistan
52%
Fiorentina Nikola Milenkovic 28M Serbia
50%
Sassuolo Manuel Locatelli 30M Italia
37%
Sampdoria Manolo Gabbiadini, Emil Audero 10M Italia
28%
Spezia Jeroen Zoet 5M Olanda
24%
Verona Mattia Zaccagni 8,5M Italia
22%
Benevento Gianluca Caprari 6,5M Italia
19%
Parma Roberto Inglese 12M Italia
19%
Crotone Lisandro Magallan 4,5M Argentina
6%
Nessun quiz corrispondente trovato
Distribuzione punteggi
Percentuale di utenti per punteggio
Percentile per numero di risposta
I tuoi punteggi nel tempo
Non hai fatto questo quiz